Szczegóły MARC21

System prawa karnego procesowego. [T.] 6, Strony i inni uczestnicy postępowania karnego /

003 -Nazwa inst., której nr kontr. jest w polu 001 [,]
    • @
    • Nazwa instytucji, której n kontrolny jest w polu 001
    • NUKAT
005 -DATA I CZAS OSTATNIEJ MODYFIKACJI [,]
    • @
    • pole kontrolne
    • 20241231090056.0
020 -Międzynarod. znormalizowany nr książki - ISBN [ , ]
    • a
    • Numer ISBN
    • 9788326488146 Find
    • q
    • Dopowiedzenie
    • t. 4-18
020 -Międzynarod. znormalizowany nr książki - ISBN [ , ]
    • a
    • Numer ISBN
    • 9788380925397 Find
    • q
    • Dopowiedzenie
    • t. 6 wersja drukowana
020 -Międzynarod. znormalizowany nr książki - ISBN [ , ]
    • a
    • Numer ISBN
    • 9788327800800 Find
    • q
    • Dopowiedzenie
    • t. 1-3
040 -Instytucja sporządzająca opis [ , ]
    • a
    • Instytucja, która sporządziła opis (NP)
    • WA U/91UKP
    • c
    • Instytucja, która sporządziła rekord (NP)
    • WA U/UKP
    • d
    • Instytucja, która zmodyfikowała rekord (P)
    • WA U/EAD
    • d
    • Instytucja, która zmodyfikowała rekord (P)
    • KAT U/MPs
    • d
    • Instytucja, która zmodyfikowała rekord (P)
    • WA M/AH
942 -Rodzaj dokumentu [ , ]
    • c
    • Rodzaj dokumentu
    • Książka
100 -Hasło główne - nazwa osobowa [1, ]
    • a
    • Nazwa osobowa (NP)
    • Bieńkowska, Ewa
    • d
    • Daty biograficzne (NP)
    • (1951-2018).
    • 9
    • KHW
    • 12829
245 -Strefa tytułu i oznaczenia odpowiedzialności [1,0]
    • a
    • Tytuł
    • System prawa karnego procesowego. Find
    • n
    • Oznaczenie części (P)
    • [T.] 6,
    • p
    • Nazwa części (P)
    • Strony i inni uczestnicy postępowania karnego /
    • c
    • Pozostałe elementy strefy tytułu i oznaczenia odpowiedzialności (NP)
    • redakcja naukowa Cezary Kulesza ; [autorzy: Ewa Bieńkowska, Katarzyna T. Boratyńska, Rossana Broniecka, Łukasz Chojniak, Katarzyna Dudka, Ewa Kowalewska-Borys, Cezary Kulesza, Dariusz Kużelewski, Lidia Mazowiecka, Ireneusz Nowikowski, Andrzej Sakowicz, Piotr Starzyński, Ryszard A. Stefański, Sławomir Steinborn, Andrzej Światłowski, Izabela Urbaniak-Mastalerz, Marcin Warchoł, Małgorzata Wąsek-Wiaderek, Paweł Wiliński, Krzysztof Woźniewski].
246 -Wariant tytułu [3,0]
    • a
    • Tytuł (NP)
    • Strony i inni uczestnicy postępowania karnego
260 -Strefa adresu wydawniczego [ , ]
    • a
    • Miejsce wydania (P)
    • Warszawa :
    • b
    • Nazwa wydawcy (P)
    • Wolters Kluwer,
    • c
    • Data wydania (P)
    • 2016.
300 -Strefa opisu fizycznego [ , ]
    • a
    • Określenie formy książki i/lub objętość (NP)
    • 1394, [2] s. ;
    • c
    • Format (NP)
    • 24 cm.
336 -Typ zawartości [ , ]
    • a
    • Termin opisujący typ zawartości
    • Tekst
    • b
    • Kod określający zawartość
    • txt
    • 2
    • Źródło (terminu i kodu)
    • rdacontent
337 -Typ mediów [ , ]
    • a
    • Tryb odtwarzania
    • Bez urządzenia pośredniczącego
    • b
    • Kod typu mediów
    • n
    • 2
    • Źródło (terminu i kodu)
    • rdamedia
338 -Typ/rodzaj nośnika [ , ]
    • a
    • Hasło opisujące typ nośnika
    • Wolumin
    • b
    • Kod typu nośnika
    • nc
    • 2
    • Źródło (terminu i kodu)
    • rdacarrier
500 -Uwaga ogólna [ , ]
    • a
    • Uwaga ogólna (NP)
    • Red. całości Piotr Hofmański.
500 -Uwaga ogólna [ , ]
    • a
    • Uwaga ogólna (NP)
    • Opis wg okł.
504 -Uwaga dot. bibliogr. załącznikowej [ , ]
    • a
    • Uwaga dot. bibliografii załącznikowej
    • Bibliogr. s. 25-[34] oraz przy rozdz. Indeks.
650 -Hasło przedmiotowe [ ,7]
    • a
    • Hasło przedmiotowe
    • Postępowanie karne
    • z
    • Określnik geograficzny
    • Polska.
    • 2
    • Źródło terminu
    • kaba
    • 9
    • KHW
    • 350008
650 -Hasło przedmiotowe [ ,7]
    • a
    • Hasło przedmiotowe
    • Strony (postępowanie)
    • z
    • Określnik geograficzny
    • Polska.
    • 2
    • Źródło terminu
    • kaba
    • 9
    • KHW
    • 367668
700 -Hasło dodatkowe - nazwa osobowa [1, ]
    • a
    • Nazwa osobowa (NP)
    • Kulesza, Cezary. Find
    • e
    • Określenie rodzaju współpracy
    • Red.
    • 9
    • KHW
    • 39898
700 -Hasło dodatkowe - nazwa osobowa [1, ]
    • a
    • Nazwa osobowa (NP)
    • Boratyńska, Katarzyna T. Find
    • 9
    • KHW
    • 7761
700 -Hasło dodatkowe - nazwa osobowa [1, ]
    • a
    • Nazwa osobowa (NP)
    • Broniecka, Rossana. Find
    • 9
    • KHW
    • 69752
700 -Hasło dodatkowe - nazwa osobowa [1, ]
    • a
    • Nazwa osobowa (NP)
    • Chojniak, Łukasz. Find
    • 9
    • KHW
    • 29076
700 -Hasło dodatkowe - nazwa osobowa [1, ]
    • a
    • Nazwa osobowa (NP)
    • Dudka, Katarzyna. Find
    • 9
    • KHW
    • 9648
700 -Hasło dodatkowe - nazwa osobowa [1, ]
    • a
    • Nazwa osobowa (NP)
    • Kowalewska-Borys, Ewa. Find
    • 9
    • KHW
    • 27929
700 -Hasło dodatkowe - nazwa osobowa [1, ]
    • a
    • Nazwa osobowa (NP)
    • Kużelewski, Dariusz. Find
    • 9
    • KHW
    • 91559
700 -Hasło dodatkowe - nazwa osobowa [1, ]
    • a
    • Nazwa osobowa (NP)
    • Mazowiecka, Lidia. Find
    • 9
    • KHW
    • 13083
700 -Hasło dodatkowe - nazwa osobowa [1, ]
    • a
    • Nazwa osobowa (NP)
    • Nowikowski, Ireneusz. Find
    • 9
    • KHW
    • 91752
700 -Hasło dodatkowe - nazwa osobowa [1, ]
    • a
    • Nazwa osobowa (NP)
    • Sakowicz, Andrzej. Find
    • 9
    • KHW
    • 18802
700 -Hasło dodatkowe - nazwa osobowa [1, ]
    • a
    • Nazwa osobowa (NP)
    • Starzyński, Piotr Find
    • c
    • Dopowiedzenie inne niż daty biograficzne (NP)
    • (prawo).
    • 9
    • KHW
    • 410975
700 -Hasło dodatkowe - nazwa osobowa [1, ]
    • a
    • Nazwa osobowa (NP)
    • Stefański, Ryszard A. Find
    • d
    • Daty biograficzne (NP)
    • (1944- ).
    • 9
    • KHW
    • 12654
700 -Hasło dodatkowe - nazwa osobowa [1, ]
    • a
    • Nazwa osobowa (NP)
    • Steinborn, Sławomir. Find
    • 9
    • KHW
    • 14230
700 -Hasło dodatkowe - nazwa osobowa [1, ]
    • a
    • Nazwa osobowa (NP)
    • Światłowski, Andrzej Find
    • d
    • Daty biograficzne (NP)
    • (1967- ).
    • 9
    • KHW
    • 83162
700 -Hasło dodatkowe - nazwa osobowa [1, ]
    • a
    • Nazwa osobowa (NP)
    • Urbaniak-Mastalerz, Izabela. Find
    • 9
    • KHW
    • 489173
700 -Hasło dodatkowe - nazwa osobowa [1, ]
    • a
    • Nazwa osobowa (NP)
    • Warchoł, Marcin. Find
    • 9
    • KHW
    • 50442
700 -Hasło dodatkowe - nazwa osobowa [1, ]
    • a
    • Nazwa osobowa (NP)
    • Wąsek-Wiaderek, Małgorzata Find
    • d
    • Daty biograficzne (NP)
    • (1971- ).
    • 9
    • KHW
    • 53666
700 -Hasło dodatkowe - nazwa osobowa [1, ]
    • a
    • Nazwa osobowa (NP)
    • Wiliński, Paweł Find
    • d
    • Daty biograficzne (NP)
    • (1975- ).
    • 9
    • KHW
    • 1067
700 -Hasło dodatkowe - nazwa osobowa [1, ]
    • a
    • Nazwa osobowa (NP)
    • Woźniewski, Krzysztof. Find
    • 9
    • KHW
    • 12062
710 -Hasło dodatkowe - nazwa ciała zbiorowego [2, ]
    • a
    • Nazwa ciała zbiorowego lub nazwa geograficzna jako pierwszy element (NP)
    • Wolters Kluwer Polska.
    • 4
    • Kod relacji
    • pbl
    • 9
    • KHW
    • 52677
920 -ISBN [ , ]
    • a
    • ISBN
    • 978-83-264-8814-6 Find
    • q
    • Dopowiedzenie
    • t. 4-18
920 -ISBN [ , ]
    • a
    • ISBN
    • 978-83-8092-539-7 Find
    • q
    • Dopowiedzenie
    • t. 6 wersja drukowana
920 -ISBN [ , ]
    • a
    • ISBN
    • 978-83-278-0080-0 Find
    • q
    • Dopowiedzenie
    • t. 1-3
Data inwentaryzacji Status udost. Sygnatura Lokalizacja Numer inwentarzowy
2019-04-241SA.24751BSASA.24751